El Desempeño interno

Tallennettuna:
Bibliografiset tiedot
Aineistotyyppi: Teksti
Aiheet:
Tagit: Lisää tagi
Ei tageja, Lisää ensimmäinen tagi!

MARC

LEADER 00000 a a2200000 04500
001 10270
003
040
245 |a El Desempeño interno  
650 |a CRECIMIENTO ECONOMICO  
650 |a AMERICA LATINA  
650 |a PRODUCTO INTERNO BRUTO  
650 |a EMPLEO  
773 |g número 44; páginas 8-10  
999 |c 35208  |d 35208